{"text_format":"3","workbook":"xlsx","n_sheets":1,"sheets":["Протокол ШЭ ВОШ по предмету"],"not_rendered":{"defined_names":1},"read":"whole","date_system":"1900"}

{"sheet":"Протокол ШЭ ВОШ по предмету","index":0,"n_rows":69,"n_cols":15,"rows_kept":69}
["№","Фамилия","Имя","Отчество","Дата рождения","Пол","Участник с ОВЗ (да/нет)","Класс обучения","Класс участия","Балл","Максимальный балл","Статус","Призёр муниципального этапа прошлого года","ФИО учителя","Место работы учителя"]
[1,"Федулин","Роман","Олегович","2011-08-02","М","нет",5,5,12,25,"Участник",null,"Филиппова Светлана Александровна","Муниципальное бюджетное общеобразовательное учреждение \"СОШ №15\" г.Нижнекамска Республики Татарстан"]
[2,"Пескова","Валерия","Дмитриевна","2011-10-16","Ж","нет",5,5,10.4,25,"Участник",null,"Филиппова Светлана Александровна","Муниципальное бюджетное общеобразовательное учреждение \"СОШ №15\" г.Нижнекамска Республики Татарстан"]
[3,"Валиев","Камиль","Ильфатович","2010-11-30","М","нет",5,5,10.4,25,"Участник",null,"Филиппова Светлана Александровна","Муниципальное бюджетное общеобразовательное учреждение \"СОШ №15\" г.Нижнекамска Республики Татарстан"]
[4,"Ильин","Евгений","Сергеевич","2010-11-24","М","нет",5,5,9.8,25,"Участник",null,"Филиппова Светлана Александровна","Муниципальное бюджетное общеобразовательное учреждение \"СОШ №15\" г.Нижнекамска Республики Татарстан"]
[5,"Лепихин","Андрей","Александрович","2011-01-20","М","нет",5,5,9.8,25,"Участник",null,"Филиппова Светлана Александровна","Муниципальное бюджетное общеобразовательное учреждение \"СОШ №15\" г.Нижнекамска Республики Татарстан"]
[6,"Багисов","Дамир","Ильмирович","2011-08-04","М","нет",5,5,9.4,25,"Участник",null,"Филиппова Светлана Александровна","Муниципальное бюджетное общеобразовательное учреждение \"СОШ №15\" г.Нижнекамска Республики Татарстан"]
[7,"Лотков","Александр","Александрович","2011-08-12","М","нет",5,5,8.8,25,"Участник",null,"Филиппова Светлана Александровна","Муниципальное бюджетное общеобразовательное учреждение \"СОШ №15\" г.Нижнекамска Республики Татарстан"]
[8,"Давыдова","Кристина","Вячеславовна","2010-12-12","Ж","нет",5,5,8,25,"Участник",null,"Филиппова Светлана Александровна","Муниципальное бюджетное общеобразовательное учреждение \"СОШ №15\" г.Нижнекамска Республики Татарстан"]
[9,"Артемьев","Руслан","Артемович","2011-10-26","М","нет",5,5,7.8,25,"Участник",null,"Филиппова Светлана Александровна","Муниципальное бюджетное общеобразовательное учреждение \"СОШ №15\" г.Нижнекамска Республики Татарстан"]
[10,"Хафизова","Эмилия","Руслановна","2011-10-05","Ж","нет",5,5,7.4,25,"Участник",null,"Филиппова Светлана Александровна","Муниципальное бюджетное общеобразовательное учреждение \"СОШ №15\" г.Нижнекамска Республики Татарстан"]
[11,"Малышев","Станислав","Сергеевич","2011-04-24","М","нет",5,5,6.8,25,"Участник",null,"Филиппова Светлана Александровна","Муниципальное бюджетное общеобразовательное учреждение \"СОШ №15\" г.Нижнекамска Республики Татарстан"]
[12,"Малков","Ярослав","Олегович","2011-03-18","М","нет",5,5,6.6,25,"Участник",null,"Филиппова Светлана Александровна","Муниципальное бюджетное общеобразовательное учреждение \"СОШ №15\" г.Нижнекамска Республики Татарстан"]
[13,"Давлетшин","Камиль","Рифатович","2011-07-07","М","нет",5,5,6,25,"Участник",null,"Филиппова Светлана Александровна","Муниципальное бюджетное общеобразовательное учреждение \"СОШ №15\" г.Нижнекамска Республики Татарстан"]
[14,"Коровина","Рената","Владимировна","2011-12-04","Ж","нет",5,5,6,25,"Участник",null,"Филиппова Светлана Александровна","Муниципальное бюджетное общеобразовательное учреждение \"СОШ №15\" г.Нижнекамска Республики Татарстан"]
[15,"Белкин","Роман","Андреевич","2011-07-20","М","нет",5,5,5.8,25,"Участник",null,"Филиппова Светлана Александровна","Муниципальное бюджетное общеобразовательное учреждение \"СОШ №15\" г.Нижнекамска Республики Татарстан"]
[16,"Камалова","Диана","Айнуровна","2011-04-16","Ж","нет",5,5,5.8,25,"Участник",null,"Филиппова Светлана Александровна","Муниципальное бюджетное общеобразовательное учреждение \"СОШ №15\" г.Нижнекамска Республики Татарстан"]
[17,"Мордаханов","Эдгард","Назилевич","2011-07-24","М","нет",5,5,5.6,25,"Участник",null,"Филиппова Светлана Александровна","Муниципальное бюджетное общеобразовательное учреждение \"СОШ №15\" г.Нижнекамска Республики Татарстан"]
[18,"Проскурина","Алена","Владимировна","2011-07-01","Ж","нет",5,5,3.8,25,"Участник",null,"Филиппова Светлана Александровна","Муниципальное бюджетное общеобразовательное учреждение \"СОШ №15\" г.Нижнекамска Республики Татарстан"]
[19,"Макалов","Алексей","Александрович","2011-09-29","М","нет",5,5,3.2,25,"Участник",null,"Филиппова Светлана Александровна","Муниципальное бюджетное общеобразовательное учреждение \"СОШ №15\" г.Нижнекамска Республики Татарстан"]
[20,"Маслова ","Алина ","Леонидовна","2010-01-16","ж","нет",6,6,12.6,25,"призер",null,"Исаева Ольга Ивановна","Муниципальное бюджетное общеобразовательное учреждение \"СОШ №15\" г.Нижнекамска Республики Татарстан"]
[21,"Мартьянова","Анна ","Ивановна","2010-06-07","ж","нет",6,6,10.6,25,"участник",null,"Исаева Ольга Ивановна","Муниципальное бюджетное общеобразовательное учреждение \"СОШ №15\" г.Нижнекамска Республики Татарстан"]
[22,"Чиркова ","Арина","Алексеевна","2010-03-18","ж","нет",6,6,10.6,25,"участник",null,"Исаева Ольга Ивановна","Муниципальное бюджетное общеобразовательное учреждение \"СОШ №15\" г.Нижнекамска Республики Татарстан"]
[23,"Нуриева","Рената","Газинуровна","2010-07-11","ж","нет",6,6,10.4,25,"участник",null,"Исаева Ольга Ивановна","Муниципальное бюджетное общеобразовательное учреждение \"СОШ №15\" г.Нижнекамска Республики Татарстан"]
[24,"Услугина","Полина","Игоревна","2010-11-28","ж","нет",6,6,10.2,25,"участник",null,"Исаева Ольга Ивановна","Муниципальное бюджетное общеобразовательное учреждение \"СОШ №15\" г.Нижнекамска Республики Татарстан"]
[25,"Боженова","Анна ","Юрьевна","2010-07-06","ж","нет",6,6,9.4,25,"участник",null,"Исаева Ольга Ивановна","Муниципальное бюджетное общеобразовательное учреждение \"СОШ №15\" г.Нижнекамска Республики Татарстан"]
[26,"Мулюков","Анвар","Айдарович","2010-09-09","м","нет",6,6,9.4,25,"участник",null,"Исаева Ольга Ивановна","Муниципальное бюджетное общеобразовательное учреждение \"СОШ №15\" г.Нижнекамска Республики Татарстан"]
[27,"Тимербаева","Арина","Альбертовна","2010-05-13","ж","нет",6,6,9.4,25,"участник",null,"Исаева Ольга Ивановна","Муниципальное бюджетное общеобразовательное учреждение \"СОШ №15\" г.Нижнекамска Республики Татарстан"]
[28,"Ломов","Андрей","Андреевич","2010-09-14","м","нет",6,6,9.2,25,"участник",null,"Исаева Ольга Ивановна","Муниципальное бюджетное общеобразовательное учреждение \"СОШ №15\" г.Нижнекамска Республики Татарстан"]
[29,"Михайлова","Дарья","Андреевна","2010-06-26","ж","нет",6,6,9,25,"участник",null,"Исаева Ольга Ивановна","Муниципальное бюджетное общеобразовательное учреждение \"СОШ №15\" г.Нижнекамска Республики Татарстан"]
[30,"Шайхутдинов","Эрнест","Русланович","2010-04-01","м","нет",6,6,8.6,25,"участник",null,"Исаева Ольга Ивановна","Муниципальное бюджетное общеобразовательное учреждение \"СОШ №15\" г.Нижнекамска Республики Татарстан"]
[31,"Келлер","София","Александровна","2009-10-20","ж","нет",6,6,8,25,"участник",null,"Исаева Ольга Ивановна","Муниципальное бюджетное общеобразовательное учреждение \"СОШ №15\" г.Нижнекамска Республики Татарстан"]
[32,"Ахмерова","Аделина","Ильдусовна","2009-04-08","Ж","нет",7,7,15.2,30,"Призер",null,"Филиппова Светлана Александровна","Муниципальное бюджетное общеобразовательное учреждение \"СОШ №15\" г.Нижнекамска Республики Татарстан"]
[33,"Фирстова","Валерия","Вячеславовна","2009-07-14","Ж","нет",7,7,14.8,30,"Участник",null,"Филиппова Светлана Александровна","Муниципальное бюджетное общеобразовательное учреждение \"СОШ №15\" г.Нижнекамска Республики Татарстан"]
[34,"Иванова","Виктория","Ивановна","2009-03-25","Ж","нет",7,7,13.8,30,"Участник",null,"Филиппова Светлана Александровна","Муниципальное бюджетное общеобразовательное учреждение \"СОШ №15\" г.Нижнекамска Республики Татарстан"]
[35,"Каримова","Елизавета","Андреевна","2009-04-01","Ж","нет",7,7,13.8,30,"Участник",null,"Филиппова Светлана Александровна","Муниципальное бюджетное общеобразовательное учреждение \"СОШ №15\" г.Нижнекамска Республики Татарстан"]
[36,"Емельянов","Илья","Сергеевич","2009-07-30","М","нет",7,7,11.8,30,"Участник",null,"Филиппова Светлана Александровна","Муниципальное бюджетное общеобразовательное учреждение \"СОШ №15\" г.Нижнекамска Республики Татарстан"]
[37,"Шайхлисламова","Диана","Азатовна","2009-04-27","Ж","нет",7,7,11.6,30,"Участник",null,"Филиппова Светлана Александровна","Муниципальное бюджетное общеобразовательное учреждение \"СОШ №15\" г.Нижнекамска Республики Татарстан"]
[38,"Дорофеев","Матвей","Геннадьевич","2009-07-15","М","нет",7,7,11.4,30,"Участник",null,"Филиппова Светлана Александровна","Муниципальное бюджетное общеобразовательное учреждение \"СОШ №15\" г.Нижнекамска Республики Татарстан"]
[39,"Хафизуллин","Тимур","Робертович","2009-05-21","М","нет",7,7,11,30,"Участник",null,"Филиппова Светлана Александровна","Муниципальное бюджетное общеобразовательное учреждение \"СОШ №15\" г.Нижнекамска Республики Татарстан"]
[40,"Маннанова","Сафина","Маратовна","2009-12-02","Ж","нет",7,7,10.8,30,"Участник",null,"Филиппова Светлана Александровна","Муниципальное бюджетное общеобразовательное учреждение \"СОШ №15\" г.Нижнекамска Республики Татарстан"]
[41,"Гальченко","Милана","Артемовна","2009-01-13","Ж","нет",7,7,10.8,30,"Участник",null,"Филиппова Светлана Александровна","Муниципальное бюджетное общеобразовательное учреждение \"СОШ №15\" г.Нижнекамска Республики Татарстан"]
[42,"Марусич","Дана","Витальевна","2009-12-24","Ж","нет",7,7,10.6,30,"Участник",null,"Филиппова Светлана Александровна","Муниципальное бюджетное общеобразовательное учреждение \"СОШ №15\" г.Нижнекамска Республики Татарстан"]
[43,"Волкова","Дина","Вячеславовна","2008-10-05","Ж","нет",8,8,18,33,"Победитель",null,"Филиппова Светлана Александровна","Муниципальное бюджетное общеобразовательное учреждение \"СОШ №15\" г.Нижнекамска Республики Татарстан"]
[44,"Жидкова","Ирина","Владимировна","2008-07-14","Ж","нет",8,8,17.9,33,"Участник",null,"Филиппова Светлана Александровна","Муниципальное бюджетное общеобразовательное учреждение \"СОШ №15\" г.Нижнекамска Республики Татарстан"]
[45,"Шаймуратова","Зарина","Ильдусовна","2009-01-22","Ж","нет",8,8,16.8,33,"Участник",null,"Филиппова Светлана Александровна","Муниципальное бюджетное общеобразовательное учреждение \"СОШ №15\" г.Нижнекамска Республики Татарстан"]
[46,"Комлева","Яна","Денисовна","2008-10-10","Ж","нет",8,8,15.6,33,"Участник",null,"Филиппова Светлана Александровна","Муниципальное бюджетное общеобразовательное учреждение \"СОШ №15\" г.Нижнекамска Республики Татарстан"]
[47,"Горбунов","Владимир","Николаевич","2008-05-21","М","нет",8,8,15.4,33,"Участник",null,"Филиппова Светлана Александровна","Муниципальное бюджетное общеобразовательное учреждение \"СОШ №15\" г.Нижнекамска Республики Татарстан"]
[48,"Камалова","Алина","Айнуровна","2008-10-27","Ж","нет",8,8,13.8,33,"Участник",null,"Филиппова Светлана Александровна","Муниципальное бюджетное общеобразовательное учреждение \"СОШ №15\" г.Нижнекамска Республики Татарстан"]
[49,"Нуруллин","Самат","Ильнарович","2008-07-24","М","нет",8,8,13.5,33,"Участник",null,"Филиппова Светлана Александровна","Муниципальное бюджетное общеобразовательное учреждение \"СОШ №15\" г.Нижнекамска Республики Татарстан"]
[50,"Еркина","Татьяна","Андреевна","2008-10-09","Ж","нет",8,8,12.9,33,"Участник",null,"Филиппова Светлана Александровна","Муниципальное бюджетное общеобразовательное учреждение \"СОШ №15\" г.Нижнекамска Республики Татарстан"]
[51,"Файзуллина","Лилия","Ильназовна","2007-11-27","Ж","нет",8,8,12.8,33,"Участник",null,"Филиппова Светлана Александровна","Муниципальное бюджетное общеобразовательное учреждение \"СОШ №15\" г.Нижнекамска Республики Татарстан"]
[52,"Захаров","Андрей","Александрович","2008-01-04","М","нет",8,8,11.9,33,"Участник",null,"Филиппова Светлана Александровна","Муниципальное бюджетное общеобразовательное учреждение \"СОШ №15\" г.Нижнекамска Республики Татарстан"]
[53,"Гатина","Самира","Ренатовна","2008-09-26","Ж","нет",8,8,11.4,33,"Участник",null,"Филиппова Светлана Александровна","Муниципальное бюджетное общеобразовательное учреждение \"СОШ №15\" г.Нижнекамска Республики Татарстан"]
[54,"Сафина","Эльвина","Маратовна","2008-03-06","Ж","нет",8,8,11.1,33,"Участник",null,"Филиппова Светлана Александровна","Муниципальное бюджетное общеобразовательное учреждение \"СОШ №15\" г.Нижнекамска Республики Татарстан"]
[55,"Дунаева","Сапфира","Петровна","2008-12-03","Ж","нет",8,8,9.9,33,"Участник",null,"Филиппова Светлана Александровна","Муниципальное бюджетное общеобразовательное учреждение \"СОШ №15\" г.Нижнекамска Республики Татарстан"]
[56,"Аксакова","Аделя","Витальевна","2008-09-07","Ж","нет",8,8,9.4,33,"Участник",null,"Филиппова Светлана Александровна","Муниципальное бюджетное общеобразовательное учреждение \"СОШ №15\" г.Нижнекамска Республики Татарстан"]
[57,"Сергеева","Ангелина","Николаевна","2008-08-24","Ж","нет",8,8,9.1,33,"Участник",null,"Филиппова Светлана Александровна","Муниципальное бюджетное общеобразовательное учреждение \"СОШ №15\" г.Нижнекамска Республики Татарстан"]
[58,"Мухамадиева","Адиля","Рамилевна","2008-05-14","Ж","нет",8,8,6.1,33,"Участник",null,"Филиппова Светлана Александровна","Муниципальное бюджетное общеобразовательное учреждение \"СОШ №15\" г.Нижнекамска Республики Татарстан"]
[59,"Гараева","Дина","Рафаэлевна","2007-01-15","ж","нет",9,9,28.2,57,"призер",null,"Исаева Ольга Ивановна","Муниципальное бюджетное общеобразовательное учреждение \"СОШ №15\" г.Нижнекамска Республики Татарстан"]
[60,"Хамитова","Алина ","Ленаровна","2007-02-06","ж","нет",9,9,26.3,57,"призер",null,"Исаева Ольга Ивановна","Муниципальное бюджетное общеобразовательное учреждение \"СОШ №15\" г.Нижнекамска Республики Татарстан"]
[61,"Збинская ","Екатерина","Евгеньевна","2007-06-02","ж","нет",9,9,23.3,57,"участник",null,"Исаева Ольга Ивановна","Муниципальное бюджетное общеобразовательное учреждение \"СОШ №15\" г.Нижнекамска Республики Татарстан"]
[62,"Курочкина","Анастасия","Евгеньевна","2007-08-03","ж","нет",9,9,21.6,57,"участник",null,"Исаева Ольга Ивановна","Муниципальное бюджетное общеобразовательное учреждение \"СОШ №15\" г.Нижнекамска Республики Татарстан"]
[63,"Андамов","Неру","Шодиевич","2007-10-30","м","нет",9,9,20.5,57,"участник",null,"Исаева Ольга Ивановна","Муниципальное бюджетное общеобразовательное учреждение \"СОШ №15\" г.Нижнекамска Республики Татарстан"]
[64,"Форкунова","Мария","Владимировна","2008-02-08","ж","нет",9,9,19,57,"участник",null,"Исаева Ольга Ивановна","Муниципальное бюджетное общеобразовательное учреждение \"СОШ №15\" г.Нижнекамска Республики Татарстан"]
[65,"Скрицкий","Константин","Владимирович","2007-03-14","м","нет",9,9,18,57,"участник",null,"Исаева Ольга Ивановна","Муниципальное бюджетное общеобразовательное учреждение \"СОШ №15\" г.Нижнекамска Республики Татарстан"]
[66,"Ермакова","Эвелина","Эдуардовна","2007-05-28","ж","нет",9,9,16.9,57,"участник",null,"Исаева Ольга Ивановна","Муниципальное бюджетное общеобразовательное учреждение \"СОШ №15\" г.Нижнекамска Республики Татарстан"]
[67,"Калмышев-Норкин","Артем","Денисович","2007-01-28","м","нет",9,9,16.2,57,"участник",null,"Исаева Ольга Ивановна","Муниципальное бюджетное общеобразовательное учреждение \"СОШ №15\" г.Нижнекамска Республики Татарстан"]
[68,"Романова","Евгения","Олеговна","2007-08-31","ж","нет",9,9,13.2,57,"участник",null,"Исаева Ольга Ивановна","Муниципальное бюджетное общеобразовательное учреждение \"СОШ №15\" г.Нижнекамска Республики Татарстан"]